Vieme sa orientovať na devízovom trhu?

Národný devízový trh. Základné právne normy zastrešujúce oblasť devízových vzťahov. Subjekty, pôsobiace v devízovej oblasti, ich členenie na devízových tuzemcov a devízových cudzozemcov. Práca s devízovým kurzom. Príklady výpočtu krížových kurzov, termínových devízových kurzov. Devízový kurz slovens...

Descripción completa

Guardado en:
Detalles Bibliográficos
Autor principal: Hájniková, Jana
Formato: Capítulo de libro
Lenguaje:eslovaco
Materias:
Etiquetas: Agregar Etiqueta
Sin Etiquetas, Sea el primero en etiquetar este registro!

MARC

LEADER 00000naa a2200000 4500
001 r031816
005 20230919081304.6
041 0 |a slo 
044 |a SK 
245 1 0 |a Vieme sa orientovať na devízovom trhu?  |c Jana Hájniková 
520 |a Národný devízový trh. Základné právne normy zastrešujúce oblasť devízových vzťahov. Subjekty, pôsobiace v devízovej oblasti, ich členenie na devízových tuzemcov a devízových cudzozemcov. Práca s devízovým kurzom. Príklady výpočtu krížových kurzov, termínových devízových kurzov. Devízový kurz slovenskej koruny. Základné druhy termínových operácií. 
610 2 0 |a trh devízový 
610 2 0 |a kurz devízový 
610 2 0 |a Slovensko 
610 2 0 |a normy právne 
610 2 0 |a lístky kurzové 
610 2 0 |a koruna 
610 2 0 |a deriváty 
610 2 0 |a kôš menový 
610 2 0 |a vzťahy devízovo-finančné 
100 1 |a Hájniková, Jana